College Quizbowl Stats
College Quizbowl Stats
Circuits
Seasons
Sets
Records
Detailed Stats
About
Loading...
2023 ARCADIA Online
Tossups
Bonuses
Players
Teams
Categories (Tossup)
Categories (Bonus)
Michael Wu
Farrellmagnetism
Categories
Category
Powers
Gets
Negs
BBs
Points
Earliest Buzz
Avg. Buzz
First Buzzes
Top 3 Buzzes
Literature - American Literature
2
0
0
0
30
38
60.50
2
2
Literature - British Literature
0
1
0
0
10
116
116.00
1
1
Other Arts: Visual
0
1
0
0
10
86
86.00
1
1
Fine Arts - Visual Fine Arts
0
0
1
0
-5
0.00
0
0
Buzzes
Category
Answer
Value
Buzz Position
Literature - American Literature
Key West
15
38
Fine Arts - Visual Fine Arts
The Oath of the Horatii
-5
71
Literature - American Literature
ships
15
83
Other Arts: Visual
Annie Leibovitz
10
86
Literature - British Literature
virginity
10
116
Previous
1
Next